Šírenie varovných hlásení pre obyvateľstvo pomocou terestriálneho digitálneho rozhlasového vysielania T-DAB+
Rozbor prenosu varovných správ pri implementácii vysielania digitálneho štandardu T-DAB+. Zámerom tohto presunu správ je veľmi rýchlo a komplexne informovať obyvateľov o hroziacom nebezpečenstve.
Enregistré dans:
| Auteur principal: | |
|---|---|
| Autres auteurs: | |
| Format: | Chapitre de livre |
| Langue: | slovaque |
| Sujets: | |
| Tags: |
Pas de tags, Soyez le premier à ajouter un tag!
|
MARC
| LEADER | 00000naa a2200000 4500 | ||
|---|---|---|---|
| 001 | 0307040 | ||
| 005 | 20250217092422.4 | ||
| 041 | 0 | |a slo | |
| 044 | |a SK | ||
| 245 | 1 | 0 | |a Šírenie varovných hlásení pre obyvateľstvo pomocou terestriálneho digitálneho rozhlasového vysielania T-DAB+ |c Vladimír Weiser, Bohumil Adamec |
| 520 | |a Rozbor prenosu varovných správ pri implementácii vysielania digitálneho štandardu T-DAB+. Zámerom tohto presunu správ je veľmi rýchlo a komplexne informovať obyvateľov o hroziacom nebezpečenstve. | ||
| 610 | 2 | 0 | |a správy dôvodové |
| 610 | 2 | 0 | |a hrozby hybridné |
| 610 | 2 | 0 | |a obyvateľstvo |
| 610 | 2 | 0 | |a ochrana civilná |
| 100 | 1 | |a Weiser, Vladimír | |
| 700 | 1 | |a Adamec, Bohumil | |